The Law of Property

Detalles Bibliográficos
Autor principal: Chambers, Robert
Formato: eBook
Lenguaje:inglés
Publicado: Toronto: Irwin Law Inc., 2021
Colección:Irwin Books
Materias:
Acceso en línea:Acceso restringido

MARC

LEADER 00000nam a22000007a 4500
005 20211103213936.0
007 cr|||| ||||
008 211103s2021 ca |||||s|||| 00||0 eng d
020 |a 978-1- 55221-625-5 
035 |a 35195 
040 |a vLex 
090 |c 12635  |d 12635 
100 1 |a Chambers, Robert 
245 1 3 |a The Law of Property  |h [Recurso electrn̤ico] /  |c Robert Chambers 
256 |a Servicio en ln̕ea 
260 |a Toronto:  |b Irwin Law Inc.,  |c 2021 
300 |a 1 recurso electrn̤ico 
490 0 |a Irwin Books 
500 |a The law of property is the most commonly encountered area of law because we rely on it every day. Within a legal context, the word property refers to the rights that people have to their things, not to the things themselves. Property law serves as a framework for sharing our things with others, and thus often intrudes on various other areas of law: it intersects with the law of contracts whenever people buy and sell things; the wrongful interference with property may be a tort or a crime; and the power to make laws concerning property involves constitutional law. The Law of Property provides an introduction to property law that is meant to be accessible to law students and readers with little to no legal background. It explores and explains the variety of different property rights that exist in Canadian law, the ways in which property rights can be created or transferred to others, and the resolution of disputes between people who claim competing property rights to the same thing. This book presents a thorough and enjoyable analysis of the law of property that will help readers understand both the subject as a whole and its finer details. 
506 1 |a Disponible solo en los productos indicados  |d vLex Global  |d vLex Global (Academic Edition, excluding Law Schools)  |d vLex Global (U.S. Academic Edition, Law Schools)  |d vLex Global (U.S. Academic Edition, excluding Law Schools)  |d vLex Global (Academic Edition, Law Schools) 
650 0 4 |a Derecho Mercantil y de la Empresa  |z Canad̀ 
740 0 |a vLex Libros (Servicio en ln̕ea) 
856 4 0 |u https://app.vlex.com/#/sources/35195  |z Acceso restringido 
942 |c BOOK 
999 0 |a Commercial and Company Law